Daňová konkurencia v EÚ v kontexte daňového zaťaženia

Smerovanie v oblasti daňovo-príjmovej stránky verejných rozpočtov jednotlivých krajín Európskej únie. Ukazovatele daňového zaťaženia poukazujúce na prejavy daňovej konkurencie v EÚ.

Gespeichert in:
Bibliographische Detailangaben
1. Verfasser: Borza, Michal
Weitere Verfasser: Demovičová, Zuzana
Format: Buchkapitel
Sprache:Slowakisch
Schlagworte:
Tags: Tag hinzufügen
Keine Tags, Fügen Sie das erste Tag hinzu!

MARC

LEADER 00000nla a2200000 4500
001 0151199
005 20240523074937.9
041 0 |a slo 
044 |a CZ 
245 1 0 |a Daňová konkurencia v EÚ v kontexte daňového zaťaženia  |c Michal Borza, Zuzana Demovičová 
520 |a Smerovanie v oblasti daňovo-príjmovej stránky verejných rozpočtov jednotlivých krajín Európskej únie. Ukazovatele daňového zaťaženia poukazujúce na prejavy daňovej konkurencie v EÚ. 
610 2 0 |a politika daňová 
610 2 0 |a systémy daňové 
610 2 0 |a zaťaženie daňové 
610 2 0 |a sadzby daňové 
610 2 0 |a optimalizácia daňová 
610 2 0 |a harmonizácia 
610 2 0 |a Európska únia 
100 1 |a Borza, Michal 
700 1 |a Demovičová, Zuzana